Development of India's urban Rural & Regional Planning in 21st Century : Policy Perspectives (Record no. 478772)
[ view plain ]
| 000 -LEADER | |
|---|---|
| fixed length control field | 00976nam a2200217Ia 4500 |
| 008 - FIXED-LENGTH DATA ELEMENTS--GENERAL INFORMATION | |
| fixed length control field | 100315s9999 xx 000 0 und d |
| 020 ## - INTERNATIONAL STANDARD BOOK NUMBER | |
| International Standard Book Number | 8121207142 |
| 040 ## - CATALOGING SOURCE | |
| Transcribing agency | ENGLISH |
| 082 ## - DEWEY DECIMAL CLASSIFICATION NUMBER | |
| Item number | 4037 |
| Classification number | 338.900954 |
| 100 ## - MAIN ENTRY--PERSONAL NAME | |
| Personal name | "Bhargava, Gopal " |
| 245 ## - TITLE STATEMENT | |
| Title | Development of India's urban Rural & Regional Planning in 21st Century : Policy Perspectives |
| 260 ## - PUBLICATION, DISTRIBUTION, ETC. (IMPRINT) | |
| Place of publication, distribution, etc | New Delhi |
| Name of publisher, distributor, etc | Gyan Publishing House |
| Date of publication, distribution, etc | 2001 |
| 300 ## - PHYSICAL DESCRIPTION | |
| Extent | 309p. |
| 365 ## - TRADE PRICE | |
| Price note | Rupees |
| Unit of pricing | 1 |
| Price amount | 600.00 |
| 366 ## - TRADE AVAILABILITY INFORMATION | |
| Publishers' discount category | 0 |
| 505 ## - FORMATTED CONTENTS NOTE | |
| Miscellaneous information | Tushar Jadhav |
| 620 ## - | |
| -- | "Urban Planning Scenario for 21st Century Policy Framework, Urban Slums & Squatter Settlements Planning & Policy Issues, Rural Cevelopment & Growth Centre Planning Case Studies & Policy Issues " |
| 630 ## - SUBJECT ADDED ENTRY--UNIFORM TITLE | |
| Uniform title | Development of India's urban Rural & Regional Planning in 21st Century : Policy Perspectives |
| 730 ## - ADDED ENTRY--UNIFORM TITLE | |
| Uniform title | Development of India's urban Rural & Regional Planning in 21st Century : Policy Perspectives |
| 942 ## - ADDED ENTRY ELEMENTS (KOHA) | |
| Koha item type | Book |
| Withdrawn status | Lost status | Damaged status | Not for loan | Home library | Current library | Date acquired | Cost, normal purchase price | Total Checkouts | Full call number | Barcode | Date last seen | Price effective from | Koha item type |
|---|---|---|---|---|---|---|---|---|---|---|---|---|---|
| Dr. V. N. Bedekar Institute of Management Studies Library | Dr. V. N. Bedekar Institute of Management Studies Library | 01/24/2006 | 600.00 | 338.900954 /BHA 4037 | VPMBRIMS-4037 | 03/19/2010 | 03/19/2010 | Book |